History Quiz

Random History or Century Quiz
Score 0/40 Timer 06:00
23 Plays Today
% Correct
Oprah
97.7%
Marilyn
97.5%
Margaret
97.3%
Mother
97.2%
Agatha
96.7%
Amelia
96.7%
Eleanor
95.6%
Coco
95.4%
Marie
95.1%
Rosa
95%
Anne
94.7%
Virginia
94.6%
Helen
91.6%
Indira
89.3%
Estée
89.2%
Harper
85.9%
Eva
85.6%
Jane
85.4%
Maya
83.9%
Georgia
81%
% Correct
Sylvia
79.5%
Jiang
78.3%
Mata
77.9%
Frida
76.2%
Golda
76.2%
Qiu
75.8%
Benazir
74.5%
Ayn
73.5%
Toni
72.2%
Gertrude
72.1%
Simone
71.2%
Gloria
70.1%
Corazon
67.8%
Anna
65.7%
Josephine
65.5%
Rachel
54.5%
Betty
53.5%
Nadezhda
53.2%
Rigoberta
33.2%
Gabriela
29.1%
Remove Ads.
Support Sporcle.
Get the best of Sporcle when you Go Orange. This ad-free experience offers more features, more stats, and more fun while also helping to support Sporcle. Thank you for becoming a member.

You're not logged in!

Compare scores with friends on all Sporcle quizzes.
OR
Log In

Show Comments

Extras

Top Quizzes Today


Score Distribution

Your Account Isn't Verified!

In order to create a playlist on Sporcle, you need to verify the email address you used during registration. Go to your Sporcle Settings to finish the process.

Report this User

Report this user for behavior that violates our Community Guidelines.

Details: